| 000 | 00688cam a2200217u 4500 | ||
|---|---|---|---|
| 999 |
_c330648 _d330648 |
||
| 001 | 7163782 | ||
| 003 | NUST | ||
| 005 | 20170727111842.0 | ||
| 008 | 840703s1976 xx 000 0 pano | ||
| 010 | _a 76902574 | ||
| 040 |
_aDLC _cCarP _dDLC |
||
| 050 | 0 | 0 |
_aPK2659.A44 _bZ526 (Orien Pan) |
| 082 |
_a923 _bPRE |
||
| 100 | 0 |
_aAmrita Pritam, _d1919-2005. _93603 |
|
| 245 | 1 | 0 |
_aRasīdī ṭikaṭ. _cby Amrita Pritam |
| 260 |
_c2009. _aLahore: _bToni Publishers, |
||
| 300 |
_a184 p., : _c19 cm. |
||
| 500 | _aRomanized. | ||
| 546 | _aIn Urdu | ||
| 600 | 0 | 0 |
_aAmrita Pritam, _d1919-2005. _93603 |
| 650 | 0 |
_aAuthors, Panjabi _y20th century _vBiography. _93604 |
|
| 880 |
_6100-01\(3\r _aامرتا پریتم |
||
| 880 |
_6245-02\(3\r _aرسیدی ٹکٹ _cامرتا پریتم |
||
| 880 |
_6260-03\(3\r _aلاہور: _bٹونی پبلشرز، _c2009 |
||
| 906 |
_a0 _bcbc _cpremunv _du _encip _f19 _gy-gencatlg |
||
| 942 |
_2ddc _cBK |
||